top 10 plats cuisines en france - Statistiques

Statistiques générales
  • Ce quiz a été pris 1 015 fois
  • Le résultat moyen est 3 sur 10
Statistiques - réponses
Hint Réponse % Correct
9 Bœuf bourguignon
65%
3 Pizza
47%
4 Couscous
46%
5 Blanquette de veau
43%
2 Cassoulet
41%
10 Tartiflette
39%
7 Quiche lorraine
24%
6 Gratin dauphinois
18%
8 Chili con carne
2%
1 Poulet rôti et frites
1%
Aucun quiz correspondant
Distribution des résultats
% des personnes avec chaque résultat
Percentile par nombre de réponses
Votre historique - résultats
Vous n’avez pas pris ce quiz